| 000 | 00470nam a22001697a 4500 | ||
|---|---|---|---|
| 003 | CEME | ||
| 005 | 20210628202307.0 | ||
| 008 | 210302b xxu||||| |||| 00| 0 eng d | ||
| 040 | _c. | ||
| 082 | _a297.63 SID | ||
| 100 |
_aSiddiqui, Muhammad Abdul Majeed _959180 |
||
| 245 | _aSeerat ul nabi bad az wesal ul nabi peace be upon him | ||
| 250 | _aVOL-7 | ||
| 260 |
_bFEROZSONS _c2001 |
||
| 650 |
_aISLAM-BIOGRAPHY-MUHAMMAD PEACE BE UPON HIM _959181 |
||
| 942 |
_cBK _2ddc |
||
| 999 |
_c569221 _d569221 |
||